On the move an encyclopedia of transport
| Format: | Book |
|---|---|
| Published: |
London :
Marshall Edition Ltd ,
2001
|
| Subjects: |
MARC
| LEADER | 00000cam a2200000 7i4500 | ||
|---|---|---|---|
| 001 | 0000069218 | ||
| 005 | 20170115.0 | ||
| 008 | 170115 | ||
| 020 | |a 1840284536 | ||
| 020 | |a 9781840284539 | ||
| 090 | 0 | 0 | |a 388.04030 |b ONT |
| 245 | 1 | 0 | |a On the move an encyclopedia of transport |
| 260 | |a London : |b Marshall Edition Ltd , |c 2001 | ||
| 300 | |a 144p. : |b col. ill. | ||
| 500 | |a Includes Index | ||
| 650 | 0 | |a Transport | |
| 999 | |a 0000935614 |b Book |c REFERENCE |e Cawangan Tangkak | ||